| 000 | 00764nam a2200229Ia 4500 | ||
|---|---|---|---|
| 001 | 5707 | ||
| 003 | GE_BSU | ||
| 008 | 181216s||||||||xx |||||||||||||| ||und|| | ||
| 040 | _cGE_BSU | ||
| 080 | _a512.64(075.8)+514.12(075.8) | ||
| 100 | _aБугров, Я. С; Никольский, С.М; | ||
| 245 | _aЭлементы линейной алгебры и аналитической геометрии. | ||
| 245 | _bУчебник для студ вузов | ||
| 250 | _aизд. 2-е | ||
| 260 | _aМосква | ||
| 260 | _bНаука | ||
| 260 | _c1984 | ||
| 300 | _a190 с.20см. | ||
| 300 | _eБиблиогр с 189 | ||
| 653 | _aЭлементы линейной алгебрыи аналитической геометрии. | ||
| 942 | _cBK | ||
| 999 |
_c39126 _d39126 |
||